• 首页
  • 本馆介绍
  • 公告通知
  • 最新文献
  • 馆藏检索
  • 电子资源
  • 读者导购
  • 参考咨询
  • 我的图书馆
  • 登录
  • 详细信息显示
  • 放入我的书架
  • 预约/预借图书
  • 作者相关作品
  • 分类相关作品
  • 丛书相关作品
  • 出版社相关作品

书目信息

  • 表格格式
  • 工作单格式
  • 卡片格式
题名:
核心素养与教学改革
    
 
作者: 钟启泉 , 崔允漷 主编
分册:  
出版信息: 上海   华东师范大学出版社  2018
页数: 193页
开本: 26cm
丛书名:
单 册:
中图分类: G423.07
科图分类:
主题词: 课程改革--ke cheng gai ge--教学研究--中国
电子资源:
ISBN: 978-7-5675-7282-9
000 00813nam0 2200241 450
001 2146643655
005 20211113125414.61
010    @a978-7-5675-7282-9@dCNY42.00
100    @a20180821d2018 em y0chiy50 ea
101 0  @achi
102    @aCN@b310000
105    @ay a 000yy
200 1  @a核心素养与教学改革@Ahe xin su yang yu jiao xue gai ge@f主编钟启泉, 崔允漷
210    @a上海@c华东师范大学出版社@d2018
215    @a193页@d26cm
320    @a有书目
330    @a本书以“核心素养”界定的世界趋势及我国“新课程改革”实施中产生的若干盲点,探讨基于核心素养的课程发展直面的挑战与课题。
606 0  @a课程改革@Ake cheng gai ge@x教学研究@y中国
690    @aG423.07@v5
701  0 @a钟启泉@Azhong qi quan@4主编
701  0 @a崔允漷@Acui yun huo@4主编
801  0 @aCN@bBP@c20180905
905    @aZUCC@dG423.07@e1
    
    核心素养与教学改革/主编钟启泉, 崔允漷.-上海:华东师范大学出版社,2018
    193页;26cm
    
    
    ISBN 978-7-5675-7282-9:CNY42.00
    本书以“核心素养”界定的世界趋势及我国“新课程改革”实施中产生的若干盲点,探讨基于核心素养的课程发展直面的挑战与课题。
●
相关链接 在五车中查询图书 在当当中查询图书 在豆瓣中查询图书


正题名:核心素养与教学改革     索取号:G423.07/1         预约/预借

序号 登录号 条形码 馆藏地/架位号 状态 备注
1 2000883184   2000883184   第二书库/ [索取号:G423.07/1] 在馆    
2 2000883185   2000883185   第二书库/ [索取号:G423.07/1] 在馆    
3 2000883186   2000883186   第二书库/ [索取号:G423.07/1] 在馆    
山东省滨州职业学院图书馆 欢迎您!
大连网信软件有限公司© 版权所有